000 00992nmc a2200289 a 4500
003 AR-BaBNM
005 20251128204301.0
008 237119s1980 ||||||||||||||000 | spa||
040 _cAR-BaBNM
100 1 _aFernandes de Mesquita, Pedro P.
245 1 0 _aRelación de la Conquista de la Colonia por D.Pedro de Cevallos y descripción de la ciudad de Buenos Aires
260 _aBuenos Aires
_bMunicipalidad de la ciudad de Buenos Aires
_c1980
300 _a65 p.
490 0 _aBiblioteca de publicaciones documentales
_vv. XVI
600 1 4 _aCevallos, Pedro de
_d1776-1778
650 4 _aPERIODO HISPANICO
650 4 _aMISIONES JESUITICAS
650 4 _aTRATADO DE LIMITES DE 1750
650 4 _aTRATADO DE SAN ILDEFONSO
650 4 _aINSTITUCIONES HISPANOAMERICANAS
650 4 _aVIRREINATO DEL RIO DE LA PLATA
651 4 _aEspaña
700 1 _aAssunçao, Fernando O.
_etraductor
710 2 _aAcademia Nacional de la Historia [Argentina]
942 _cBK
998 _cmariana
999 _c6854
_d6854